| 000 | 00497nam a2200193Ia 4500 | ||
|---|---|---|---|
| 005 | 20250704145327.0 | ||
| 008 | 008 250516s9999 xx 000 0 eng d | ||
| 020 | _a9781319546700 | ||
| 040 |
_beng _cSDCL |
||
| 041 |
_aeng _2eng |
||
| 084 | _aG:6 R4 | ||
| 100 | _aPierce, Benjamin A. | ||
| 245 | 0 |
_aGenetics : _bA conceptual approach |
|
| 250 | _a7th ed. | ||
| 260 |
_aNew York : _bMacmillan Learning, _c2024. |
||
| 300 | _axxv, 823p.+V.P. | ||
| 650 | _aGenetics | ||
| 942 |
_cTEXL _2CC |
||
| 999 |
_c1430548 _d1430548 |
||